Da Primo Levi alla generazione dei "salvati" : incursioni critiche nella letteratura italiana della Shoah dal dopoguerra ai giorni nostri : atti del Convegno internazionale sulla letteratura italiana della Shoah, Zurigo, 10-11 maggio 2016 /

Bibliographic Details
Corporate Author: Convegno internazionale sulla letteratura italiana della Shoah Zurich, Switzerland
Other Authors: Destefani, Sibilla, 1987- (Editor)
Format: Conference Proceeding Book
Language:Italian
Published: Firenze : Giuntina, [2017]
Subjects:

MARC

Tag First Indicator Second Indicator Subfields
LEADER 00000cam a2200000 i 4500
001 in00003887313
005 20171016140909.0
008 170505t20172017it a b 101 0 ita d
010 |a  2017368812 
020 |a 9788880577010 
020 |a 8880577018 
035 |a (OCoLC)ocn988336498 
040 |a ItFiC  |e rda  |c C3L  |d DLC  |d TXA  |d UtOrBLW 
042 |a lccopycat 
049 |a TXAM 
050 0 0 |a PQ4088  |b .C668 2016 
082 0 0 |a 850  |2 14 
111 2 |a Convegno internazionale sulla letteratura italiana della Shoah  |d (2016 :  |c Zurich, Switzerland)  |0 http://id.loc.gov/authorities/names/no2017070326 
245 1 0 |a Da Primo Levi alla generazione dei "salvati" :  |b incursioni critiche nella letteratura italiana della Shoah dal dopoguerra ai giorni nostri : atti del Convegno internazionale sulla letteratura italiana della Shoah, Zurigo, 10-11 maggio 2016 /  |c a cura di Sibilla Destefani. 
264 1 |a Firenze :  |b Giuntina,  |c [2017] 
264 4 |c ©2017 
300 |a 179 pages :  |b illustrations ;  |c 24 cm. 
336 |a text  |b txt  |2 rdacontent 
337 |a unmediated  |b n  |2 rdamedia 
338 |a volume  |b nc  |2 rdacarrier 
504 |a Includes bibliographical references and index. 
650 0 |a Italian literature  |y 20th century  |x History and criticism  |v Congresses.  |0 http://id.loc.gov/authorities/subjects/sh2008105017 
650 0 |a Holocaust, Jewish (1939-1945), in literature  |v Congresses.  |0 http://id.loc.gov/authorities/subjects/sh2008121784 
650 0 |a Italian literature  |x Jewish authors  |x History and criticism  |v Congresses. 
700 1 |a Destefani, Sibilla,  |d 1987-  |e editor.  |0 http://id.loc.gov/authorities/names/no2017070325 
948 |a cataloged  |b h  |c 2017/8/7  |d c  |e dmitchel  |f 11:20:10 am 
994 |a C0  |b TXA 
999 f f |s a54d6c14-cc8e-3fe1-a439-1596139752e7  |i 84d2a2c6-1b98-3963-998a-4ed0e2dd2a36  |t 0 
952 f f |p normal  |a Texas A&M University  |b College Station  |c Sterling C. Evans Library  |d Evans: Library Stacks  |t 0  |e PQ4088 .C668 2016  |h Library of Congress classification  |i unmediated -- volume  |m A14850210627 
998 f f |a PQ4088 .C668 2016  |t 0  |l Evans: Library Stacks